00289nam a2200133Ia 4500008004100000041000800041082000800049100002000057245002200077260002000099300000700119542001500126650001400141220531s9999 xx 000 0 und d aeng bDUN aDunayevskaya P. aWomens Liberation bSpartacusc1991 a82 d28-06-1997 aSociology